Bir Müslüman İslam Tarihi’nin Sorunlu Konuları’na Nasıl Bakmalı? (Record no. 1259221)

MARC details
000 -LEADER
sabit uzunluktaki kontrol alanı 00337nam a2200109Ia 4500
001 - KONTROL NUMARASI
kontrol alanı 1259221
005 - EN SON İŞLEMİN TARİH VE ZAMANI
kontrol alanı 20260417140307.0
008 - SABİT-UZUNLUKTA VERİ ÖĞELERİ--GENEL BİLGİ
sabit uzunluktaki kontrol alanı 260417s9999 xx 000 0 und d
020 ## - ULUSLARARASI STANDART KİTAP NUMARASI
Uluslararası Standart Kitap Numarası 9786257432320
245 #0 - ESER / YAZAR
ESER ADI Bir Müslüman İslam Tarihi’nin Sorunlu Konuları’na Nasıl Bakmalı?
Yazar Adı M. Mahfuz Söylemez
260 ## - YAYIN, DAĞITIM, VB.
YAYIN EVİ Beyan Yayınları
Holdings
Düşüm durumu Kayıp durumu Hasar Durumu Ödünç verilmez Ana kütüphane Geçerli Kütüphane Edinilen tarih Toplam ödünç verme sayısı Barkod Son görüntüleme tarihi Fiyatın geçerli olmaya başladığı tarih Koha materyal türü
        ADİL KARAAĞAÇ MESLEKİ VE TEKNİK ANADOLU LİSESİ ADİL KARAAĞAÇ MESLEKİ VE TEKNİK ANADOLU LİSESİ 17.04.2026   1112139 17.04.2026 17.04.2026 Books